000 00867cab a2200289 4500
001 ABS51752
008 090401t1994 xxu||||| |||| 00| 0 eng d
035 _a(Sirsi) u42858
041 _aeng
100 _aBarnes, Y.
245 _aInstitutions still afraid to dip their toes in
260 _c1994
350 _a0
490 _aProperty Finance & Development
_v6(11) November 1994, 7-8(2)
520 _aDiscusses the reluctance of institutions to invest in the residential property market.
650 _aASSURED TENANCY BUSINESS EXPANSION SCHEME
650 _aAUTHORISED HOUSING INVESTMENT TRUSTS
650 _aBES
650 _aBONDS
650 _aHOUSING INVESTMENT
650 _aINSTITUTIONAL INVESTMENT
650 _aPRIVATE RENTED SECTOR
650 _aRESIDENTIAL PROPERTY
_96266
690 _aHOUSING
942 _n0
948 _c04/03/1997
999 _c27414
_d27414